Statistiques concernant Les dofus par image

Cliquez ici pour prendre le quiz!

Statistiques générales

  • Ce quiz a été pris 331 fois
  • Le résultat moyen est 16 sur 25

Statistiques - réponses

Réponse% Correct
Dofawa
95%
Émeraude
85%
Ocre
81%
Cawotte
80%
Vulbis
80%
Abyssal
78%
Dolmanax
76%
Ébène
73%
Pourpre
73%
Dokoko
72%
Kaliptus
70%
Dofus des Glaces
67%
Nébuleux
63%
Ivoire
62%
Dokille
60%
Dotruche
60%
Tacheté
58%
Dofus Turquoise
56%
Dofus des Veilleurs
54%
Dofus Argenté
52%
Dofus Forgelave
45%
Dorigami
45%
Domakuro
44%
Dofus Cacao
42%
Cauchemar
39%

Distribution des résultats

Percentile par nombre de réponses

% des personnes avec chaque résultat

Votre développement - résultats

Vous n’avez pas pris ce quiz